Achis! / (Record no. 28379)

MARC details
000 -LEADER
fixed length control field 00538nam a22002177a 4500
001 - CONTROL NUMBER
control field sjds
003 - CONTROL NUMBER IDENTIFIER
control field sjds
005 - DATE AND TIME OF LATEST TRANSACTION
control field 20231021211556.0
008 - FIXED-LENGTH DATA ELEMENTS--GENERAL INFORMATION
fixed length control field 231021b |||||||| |||| 00| 0 spa d
020 ## - INTERNATIONAL STANDARD BOOK NUMBER
International Standard Book Number 9788447800629
020 ## - INTERNATIONAL STANDARD BOOK NUMBER
International Standard Book Number 8447800628
040 ## - CATALOGING SOURCE
Transcribing agency sjds
041 ## - LANGUAGE CODE
Language code of text/sound track or separate title spa
100 10 - MAIN ENTRY--PERSONAL NAME
Personal name Blake, Quentin.
245 ## - TITLE STATEMENT
Title Achis! /
Statement of responsibility, etc. Quentin Blake, Artur Klein.
260 ## - PUBLICATION, DISTRIBUTION, ETC. (IMPRINT)
Place of publication, distribution, etc. Barcelona, D.L. :
Name of publisher, distributor, etc. El Arca de Junior,
Date of publication, distribution, etc. 1993.
300 ## - PHYSICAL DESCRIPTION
Extent 34 p.
Other physical details il. color
Dimensions 27 cm.
440 ## - SERIES STATEMENT/ADDED ENTRY--TITLE
Title Centpeus ;
Number of part/section of a work 7
700 10 - ADDED ENTRY--PERSONAL NAME
Personal name Klein, Artur
942 ## - ADDED ENTRY ELEMENTS (KOHA)
Koha item type Libro/Book
Holdings
Withdrawn status Lost status Damaged status Not for loan Home library Current library Date acquired Inventory number Total Checkouts Total Renewals Full call number Barcode Date last seen Date checked out Price effective from Koha item type Shelving location
        San Juan Del Sur -- Biblioteca San Juan Del Sur -- Biblioteca 21/10/2023 Inventory date: 15-5-25 1   JI ESPANOL 30030959 05/11/2024 04/10/2024 21/10/2023 Libro/Book Children's Area
        San Juan Del Sur -- Biblioteca San Juan Del Sur -- Mobile 21/10/2023 Inventory date: 27-2-25 3 1 JFI 33017558 10/10/2024 29/05/2024 21/10/2023 Libro/Book  

Powered by Koha